[Event "Bundesliga 9596"]
[Site "Deutschland"]
[Date "1996.??.??"]
[Round "?.8"]
[White "Lentrodt, Thomas"]
[Black "Maier, Christian"]
[Result "1/2-1/2"]
[WhiteElo "2265"]
[BlackElo "2350"]
[PlyCount "122"]
[EventDate "1995.10.??"]
[EventType "team"]
[EventRounds "15"]
[EventCountry "GER"]
[SourceTitle "Bundesliga 9596"]
[Source "DeepChess"]
[SourceDate "2005.01.01"]
[SourceVersion "1"]
[SourceVersionDate "2005.01.01"]
[SourceQuality "1"]
[WhiteTeam "Muenchener SC 1836 e.V."]
[BlackTeam "SK Zaehringen 1921"]
[WhiteTeamCountry "GER"]
[BlackTeamCountry "GER"]

1. Nf3 Nf6 2. c4 g6 3. g3 Bg7 4. Bg2 O-O 5. O-O d6 6. d4 Nbd7 7. Nc3 e5 8. h3
exd4 9. Nxd4 Re8 10. b3 Nc5 11. Bb2 c6 12. Qc2 a5 13. Rad1 Qe7 14. e4 h5 15.
Rfe1 Nh7 16. Nf3 Qc7 17. Qd2 Be6 18. Nd4 Rad8 19. Nxe6 Rxe6 20. Ba3 Rde8 21.
Bxc5 dxc5 22. f4 h4 23. e5 hxg3 24. Ne4 g5 25. Nd6 Rd8 26. Be4 gxf4 27. Qxf4
Nf8 28. Bf5 Ng6 29. Qxg3 Rxe5 30. Bxg6 Rxd6 31. Rxd6 Qxd6 32. Bc2 Qd4+ 33. Kh1
Kf8 34. Rxe5 Bxe5 35. Qd3 Qh4 36. Qf3 a4 37. Kg2 Qg5+ 38. Kf1 Qd2 39. Qf5 Qe3
40. Qc8+ Kg7 41. Qg4+ Kf6 42. Qf5+ Ke7 43. h4 a3 44. Qg5+ Qxg5 45. hxg5 Bf4 46.
g6 f6 47. g7 Kf7 48. Ke2 Kxg7 49. Kf3 Bc1 50. Kg4 Kf7 51. Kf5 Ke7 52. Be4 Bb2
53. Bf3 Kd6 54. Bg4 Bc3 55. Bh3 Ke7 56. Bg4 Bd2 57. Bf3 Bg5 58. Bg4 Kd6 59. Bh3
Kc7 60. Ke4 b5 61. Be6 Kd6 1/2-1/2

[Event "Bundesliga 9596"]
[Site "Deutschland"]
[Date "1996.??.??"]
[Round "?.1"]
[White "Hertneck, Gerald"]
[Black "Van der Sterren, Paul"]
[Result "1-0"]
[WhiteElo "2575"]
[BlackElo "2535"]
[PlyCount "93"]
[EventDate "1995.10.??"]
[EventType "team"]
[EventRounds "15"]
[EventCountry "GER"]
[SourceTitle "Bundesliga 9596"]
[Source "DeepChess"]
[SourceDate "2005.01.01"]
[SourceVersion "1"]
[SourceVersionDate "2005.01.01"]
[SourceQuality "1"]
[WhiteTeam "Muenchener SC 1836 e.V."]
[BlackTeam "SV Castrop Rauxel 1923"]
[WhiteTeamCountry "GER"]
[BlackTeamCountry "GER"]

1. c4 e6 2. e4 d5 3. exd5 exd5 4. d4 Nf6 5. Nc3 Bb4 6. Bd3 O-O 7. Nge2 dxc4 8.
Bxc4 Nbd7 9. O-O Nb6 10. Bb3 c5 11. dxc5 Qxd1 12. Rxd1 Bxc5 13. Bg5 Re8 14.
Bxf6 gxf6 15. Nf4 Bg4 16. Rd3 Kf8 17. h3 Bf5 18. Rf3 Nd7 19. Nfd5 Re5 20. Rd1
h5 21. Na4 Rd8 22. Nxf6 Be7 23. Nxh5 b5 24. Nc3 Nc5 25. Rxd8+ Bxd8 26. Ng3 Re1+
27. Kh2 Bg6 28. Nxb5 Nxb3 29. axb3 Bb6 30. Nd6 Bc7 31. Ndf5 Re2 32. h4 Rxb2 33.
Kh3 Bb6 34. h5 Bxf5+ 35. Nxf5 Rxf2 36. Rxf2 Bxf2 37. Kg4 Bb6 38. Kf4 f6 39. Ke4
Kf7 40. Kd5 Bg1 41. Kd6 Bf2 42. Kd7 Bg1 43. g4 Bf2 44. Nd6+ Kg7 45. Ke6 Kh6 46.
Nf5+ Kg5 47. Kf7 1-0

[Event "Bundesliga 9596"]
[Site "Deutschland"]
[Date "1996.??.??"]
[Round "?.2"]
[White "King, Daniel J"]
[Black "Pezerovic, Edin"]
[Result "1/2-1/2"]
[WhiteElo "2510"]
[BlackElo "2405"]
[PlyCount "57"]
[EventDate "1995.10.??"]
[EventType "team"]
[EventRounds "15"]
[EventCountry "GER"]
[SourceTitle "Bundesliga 9596"]
[Source "DeepChess"]
[SourceDate "2005.01.01"]
[SourceVersion "1"]
[SourceVersionDate "2005.01.01"]
[SourceQuality "1"]
[WhiteTeam "SV Castrop Rauxel 1923"]
[BlackTeam "Muenchener SC 1836 e.V."]
[WhiteTeamCountry "GER"]
[BlackTeamCountry "GER"]

1. e4 c6 2. d4 d5 3. Nc3 dxe4 4. Nxe4 Nf6 5. Nxf6+ gxf6 6. c3 Bf5 7. Nf3 e6 8.
g3 Bd6 9. Bg2 Nd7 10. O-O Qc7 11. Nh4 Bg6 12. c4 O-O 13. d5 Rfe8 14. f4 f5 15.
b3 cxd5 16. cxd5 Be7 17. Be3 exd5 18. Nxg6 hxg6 19. Qxd5 Bc5 20. Bxc5 Qxc5+ 21.
Rf2 Qxd5 22. Bxd5 Rab8 23. Rc1 Nf6 24. Bf3 Re7 25. Rfc2 Rd8 26. Rc8 Rxc8 27.
Rxc8+ Kg7 28. Ra8 b6 29. Rc8 1/2-1/2

[Event "Bundesliga 9596"]
[Site "Deutschland"]
[Date "1996.??.??"]
[Round "?.4"]
[White "Libeau, Rene"]
[Black "Ankerst, Mihael"]
[Result "1-0"]
[WhiteElo "2460"]
[BlackElo "2295"]
[PlyCount "115"]
[EventDate "1995.10.??"]
[EventType "team"]
[EventRounds "15"]
[EventCountry "GER"]
[SourceTitle "Bundesliga 9596"]
[Source "DeepChess"]
[SourceDate "2005.01.01"]
[SourceVersion "1"]
[SourceVersionDate "2005.01.01"]
[SourceQuality "1"]
[WhiteTeam "SV Castrop Rauxel 1923"]
[BlackTeam "Muenchener SC 1836 e.V."]
[WhiteTeamCountry "GER"]
[BlackTeamCountry "GER"]

1. c4 g6 2. Nc3 Bg7 3. g3 e5 4. Bg2 d6 5. d3 Nc6 6. Nf3 Nf6 7. O-O O-O 8. Rb1
a5 9. a3 Nd4 10. Nd2 c6 11. e3 Nf5 12. b4 axb4 13. axb4 d5 14. Nb3 Re8 15. b5
Ne7 16. bxc6 bxc6 17. cxd5 cxd5 18. Bb2 Bg4 19. Qd2 Qd6 20. Rfc1 Reb8 21. Ba1
Ra3 22. Qc2 Bf5 23. e4 Be6 24. Nd2 dxe4 25. Nc4 Bxc4 26. dxc4 Rxb1 27. Qxb1 Ra8
28. Nxe4 Nxe4 29. Qxe4 Rc8 30. Bb2 Nf5 31. Bh3 Rb8 32. c5 Qd2 33. Ba3 Nd4 34.
c6 Ne2+ 35. Qxe2 Qxe2 36. c7 Ra8 37. c8=Q+ Rxc8 38. Rxc8+ Bf8 39. Bxf8 f5 40.
Bf1 Qd1 41. Bd6+ Kf7 42. Bxe5 g5 43. h3 h5 44. Rc6 Ke7 45. Bf6+ Kd7 46. Rc4 Ke6
47. Bxg5 Qa1 48. Rc1 Qb2 49. Bc4+ Ke5 50. h4 Kd6 51. Bd3 Ke6 52. Re1+ Kf7 53.
Bxf5 Qd4 54. Re7+ Kf8 55. Bg6 Qd1+ 56. Kh2 Qd4 57. Rf7+ Kg8 58. Bh6 1-0

[Event "Bundesliga 9596"]
[Site "Deutschland"]
[Date "1996.??.??"]
[Round "?.5"]
[White "Riedel, Wolfgang"]
[Black "Appel, Ralf"]
[Result "1/2-1/2"]
[WhiteElo "2350"]
[BlackElo "2450"]
[PlyCount "104"]
[EventDate "1995.10.??"]
[EventType "team"]
[EventRounds "15"]
[EventCountry "GER"]
[SourceTitle "Bundesliga 9596"]
[Source "DeepChess"]
[SourceDate "2005.01.01"]
[SourceVersion "1"]
[SourceVersionDate "2005.01.01"]
[SourceQuality "1"]
[WhiteTeam "Muenchener SC 1836 e.V."]
[BlackTeam "SV Castrop Rauxel 1923"]
[WhiteTeamCountry "GER"]
[BlackTeamCountry "GER"]

1. d4 Nf6 2. c4 d6 3. Nf3 Nbd7 4. Nc3 e5 5. Bg5 exd4 6. Nxd4 g6 7. e3 Bg7 8.
Be2 O-O 9. O-O Nc5 10. Rc1 Re8 11. b4 Ne6 12. Nxe6 Bxe6 13. Nd5 Bxd5 14. cxd5
Qd7 15. Bxf6 Bxf6 16. Qc2 Re7 17. a4 a6 18. Bf3 Be5 19. g3 f5 20. Qb3 g5 21.
Rc4 Rf8 22. Rfc1 f4 23. exf4 gxf4 24. g4 Rg7 25. h3 Qd8 26. Kg2 h5 27. a5 hxg4
28. hxg4 Rh7 29. Rh1 Rxh1 30. Kxh1 Rf7 31. Qd3 Qf6 32. Kg2 Qh6 33. Kf1 Re7 34.
Qf5 Bc3 35. Re4 Rxe4 36. Qxe4 Qf6 37. Kg2 Kf8 38. Qc4 Qg7 39. Qxf4+ Ke7 40. Qc4
Kd8 41. b5 Bxa5 42. bxa6 bxa6 43. Qxa6 Bb6 44. Qa8+ Ke7 45. Qa2 Qe5 46. Qd2 Kf7
47. Qd3 Kg7 48. Be4 Kf6 49. Bf5 Kg5 50. Be6 Qf4 51. Qe2 Bd4 52. Qc2 Kf6 1/2-1/2

[Event "Bundesliga 9596"]
[Site "Deutschland"]
[Date "1996.??.??"]
[Round "?.6"]
[White "Sehner, Norbert"]
[Black "Lentrodt, Thomas"]
[Result "0-1"]
[WhiteElo "2420"]
[BlackElo "2265"]
[PlyCount "72"]
[EventDate "1995.10.??"]
[EventType "team"]
[EventRounds "15"]
[EventCountry "GER"]
[SourceTitle "Bundesliga 9596"]
[Source "DeepChess"]
[SourceDate "2005.01.01"]
[SourceVersion "1"]
[SourceVersionDate "2005.01.01"]
[SourceQuality "1"]
[WhiteTeam "SV Castrop Rauxel 1923"]
[BlackTeam "Muenchener SC 1836 e.V."]
[WhiteTeamCountry "GER"]
[BlackTeamCountry "GER"]

1. c4 c5 2. g3 Nc6 3. Bg2 g6 4. Nc3 Bg7 5. d3 Nf6 6. e4 d6 7. Nge2 a6 8. O-O
Rb8 9. b3 O-O 10. Bb2 Bg4 11. h3 Bd7 12. Qd2 b5 13. Nd5 e6 14. Ne3 e5 15. f4
Nd4 16. cxb5 Nh5 17. Nxd4 cxd4 18. Nd5 Nxg3 19. Rf3 Nh5 20. bxa6 Bh6 21. Qf2
Be6 22. fxe5 Bxd5 23. Bxd4 Be6 24. exd6 Qxd6 25. Bc5 Qxa6 26. Bxf8 Bxf8 27. d4
Rxb3 28. Rxb3 Bxb3 29. d5 Qc8 30. Kh1 Qc3 31. Rb1 Ng3+ 32. Kh2 Bd6 33. Rxb3
Nxe4+ 34. Kg1 Qa1+ 35. Qf1 Qd4+ 36. Kh1 Qe5 0-1

[Event "Bundesliga 9596"]
[Site "Deutschland"]
[Date "1996.??.??"]
[Round "?.7"]
[White "Schmidt, Gerhardt"]
[Black "Dinstuhl, Volkmar"]
[Result "0-1"]
[WhiteElo "2240"]
[BlackElo "2355"]
[PlyCount "82"]
[EventDate "1995.10.??"]
[EventType "team"]
[EventRounds "15"]
[EventCountry "GER"]
[SourceTitle "Bundesliga 9596"]
[Source "DeepChess"]
[SourceDate "2005.01.01"]
[SourceVersion "1"]
[SourceVersionDate "2005.01.01"]
[SourceQuality "1"]
[WhiteTeam "Muenchener SC 1836 e.V."]
[BlackTeam "SV Castrop Rauxel 1923"]
[WhiteTeamCountry "GER"]
[BlackTeamCountry "GER"]

1. e4 c5 2. Nf3 d6 3. d4 cxd4 4. Nxd4 Nf6 5. Nc3 a6 6. Bg5 e6 7. Qd2 Be7 8. f4
Qc7 9. O-O-O Nbd7 10. g4 b5 11. Bxf6 gxf6 12. Bg2 Nb6 13. Rhe1 Bd7 14. e5 Nc4
15. Qd3 O-O-O 16. Nf5 Be8 17. exd6 Bxd6 18. Nxd6+ Rxd6 19. Qf3 Bc6 20. Ne4
Rxd1+ 21. Rxd1 Kb8 22. Qf2 Qa5 23. Nd6 Bxg2 24. Qxg2 Nxd6 25. Rxd6 Qe1+ 26. Rd1
Qe3+ 27. Kb1 Qb6 28. Qd2 Rc8 29. a3 Rc7 30. Qg2 Ka7 31. Rd8 Rb7 32. Qd2 Rc7 33.
Qd4 Qxd4 34. Rxd4 Kb6 35. b3 Kc5 36. Rd8 e5 37. Rh8 exf4 38. Rxh7 Kd4 39. Rh3
Ke4 40. Kc1 f3 41. Kd2 Rxc2+ 0-1

[Event "Bundesliga 9596"]
[Site "Deutschland"]
[Date "1996.??.??"]
[Round "?.8"]
[White "Hennig, Dirk"]
[Black "Mueller, Marcus"]
[Result "1/2-1/2"]
[WhiteElo "2355"]
[BlackElo "2094"]
[PlyCount "77"]
[EventDate "1995.10.??"]
[EventType "team"]
[EventRounds "15"]
[EventCountry "GER"]
[SourceTitle "Bundesliga 9596"]
[Source "DeepChess"]
[SourceDate "2005.01.01"]
[SourceVersion "1"]
[SourceVersionDate "2005.01.01"]
[SourceQuality "1"]
[WhiteTeam "SV Castrop Rauxel 1923"]
[BlackTeam "Muenchener SC 1836 e.V."]
[WhiteTeamCountry "GER"]
[BlackTeamCountry "GER"]

1. d4 Nf6 2. Nf3 g6 3. c4 Bg7 4. g3 O-O 5. Bg2 d6 6. O-O Nbd7 7. Qc2 e5 8. Rd1
Qe7 9. Nc3 c6 10. b3 Re8 11. e3 Nf8 12. Ba3 e4 13. Nd2 Bf5 14. b4 d5 15. Qb2
Qd7 16. b5 Ne6 17. bxc6 bxc6 18. cxd5 cxd5 19. Qb5 Qxb5 20. Nxb5 Reb8 21. Bf1
Bf8 22. Bxf8 Kxf8 23. Nb3 Rc8 24. Rdc1 Ke7 25. Rxc8 Rxc8 26. Rc1 Rxc1 27. Nxc1
a6 28. Na7 Nc7 29. Nb3 Bd7 30. Nc5 Bb5 31. Nxb5 axb5 32. Be2 Nd7 33. Nxd7 Kxd7
34. Kf1 Kc6 35. Ke1 Ne8 36. Kd2 Kb6 37. Kc3 Ka5 38. Bd1 Nd6 39. Bb3 1/2-1/2

[Event "Bundesliga 9596"]
[Site "Deutschland"]
[Date "1995.??.??"]
[Round "?.2"]
[White "Pezerovic, Edin"]
[Black "Lobron, Eric"]
[Result "1-0"]
[WhiteElo "2405"]
[BlackElo "2595"]
[PlyCount "93"]
[EventDate "1995.10.??"]
[EventType "team"]
[EventRounds "15"]
[EventCountry "GER"]
[SourceTitle "Bundesliga 9596"]
[Source "DeepChess"]
[SourceDate "2005.01.01"]
[SourceVersion "1"]
[SourceVersionDate "2005.01.01"]
[SourceQuality "1"]
[WhiteTeam "Muenchener SC 1836 e.V."]
[BlackTeam "SV Empor Berlin e.V."]
[WhiteTeamCountry "GER"]
[BlackTeamCountry "GER"]

1. Nf3 e6 2. d4 f5 3. c4 Nf6 4. g3 c6 5. Bg2 d5 6. Nc3 Be7 7. O-O O-O 8. a3 Bd7
9. Ne5 Be8 10. Qc2 Nbd7 11. Nxd7 Qxd7 12. Qd3 Ne4 13. f3 Nd6 14. c5 Nc4 15. b3
Na5 16. Na4 Bf6 17. Bd2 Qc7 18. f4 b6 19. Bxa5 bxa5 20. e3 g5 21. Rab1 Kh8 22.
Nc3 gxf4 23. gxf4 Rg8 24. Kh1 Bh5 25. Bf3 Qf7 26. Qe2 Bg4 27. Nd1 Qh5 28. Nb2
Rg6 29. Nd3 Rag8 30. Bxg4 Rxg4 31. Rbe1 Qg6 32. Qf3 Rg2 33. Rd1 Rg7 34. b4 a4
35. b5 cxb5 36. c6 Rc2 37. Rc1 Rc4 38. Nc5 Bd8 39. Rb1 a6 40. Rg1 Qf7 41. Rxg7
Kxg7 42. Rg1+ Kh8 43. Nd7 Rc2 44. Qg3 h5 45. Qf3 b4 46. Nf8 b3 47. Ng6+ 1-0

[Event "Bundesliga 9596"]
[Site "Deutschland"]
[Date "1995.??.??"]
[Round "?.3"]
[White "Luther, Thomas"]
[Black "Ankerst, Mihael"]
[Result "1/2-1/2"]
[WhiteElo "2550"]
[BlackElo "2310"]
[PlyCount "128"]
[EventDate "1995.10.??"]
[EventType "team"]
[EventRounds "15"]
[EventCountry "GER"]
[SourceTitle "Bundesliga 9596"]
[Source "DeepChess"]
[SourceDate "2005.01.01"]
[SourceVersion "1"]
[SourceVersionDate "2005.01.01"]
[SourceQuality "1"]
[WhiteTeam "SV Empor Berlin e.V."]
[BlackTeam "Muenchener SC 1836 e.V."]
[WhiteTeamCountry "GER"]
[BlackTeamCountry "GER"]

1. e4 c5 2. Nf3 e6 3. d4 cxd4 4. Nxd4 Nf6 5. Nc3 Nc6 6. Ndb5 d6 7. Bf4 e5 8.
Bg5 a6 9. Na3 b5 10. Bxf6 gxf6 11. Nd5 Bg7 12. c3 f5 13. exf5 Bxf5 14. Nc2 O-O
15. Nce3 Be6 16. Bd3 f5 17. Qh5 Ra7 18. Bc2 b4 19. O-O Bh8 20. Rad1 Raf7 21.
Ba4 Ne7 22. Nxe7+ Qxe7 23. Nd5 Bxd5 24. Rxd5 bxc3 25. bxc3 Bg7 26. Bb3 Kh8 27.
Rxd6 Qxd6 28. Bxf7 e4 29. c4 Qf6 30. Bd5 Qg6 31. Qxg6 hxg6 32. Rb1 Be5 33. g3
Rb8 34. Rxb8+ Bxb8 35. c5 Kg7 36. Kf1 Kf6 37. Ke2 a5 38. c6 Be5 39. Kd2 Ke7 40.
h4 Kf6 41. Ke2 Bc7 42. Kf1 e3 43. f4 Ke7 44. Ke2 Bb6 45. Kd3 Kf6 46. Bh1 Ke6
47. Bf3 Kd6 48. Ke2 Ke6 49. g4 fxg4 50. Bxg4+ Kd6 51. Bf3 Bd8 52. h5 gxh5 53.
Kxe3 h4 54. Kf2 Ke6 55. Be4 Kf6 56. Kg2 Be7 57. f5 Ke5 58. Kh3 Bd8 59. Bc2 Kd6
60. Ba4 Ke5 61. Kg4 h3 62. Bd1 h2 63. Bf3 Kf6 64. Kf4 Bc7+ 1/2-1/2

[Event "Bundesliga 9596"]
[Site "Deutschland"]
[Date "1995.??.??"]
[Round "?.4"]
[White "Riedel, Wolfgang"]
[Black "Boensch, Uwe"]
[Result "0-1"]
[WhiteElo "2350"]
[BlackElo "2560"]
[PlyCount "94"]
[EventDate "1995.10.??"]
[EventType "team"]
[EventRounds "15"]
[EventCountry "GER"]
[SourceTitle "Bundesliga 9596"]
[Source "DeepChess"]
[SourceDate "2005.01.01"]
[SourceVersion "1"]
[SourceVersionDate "2005.01.01"]
[SourceQuality "1"]
[WhiteTeam "Muenchener SC 1836 e.V."]
[BlackTeam "SV Empor Berlin e.V."]
[WhiteTeamCountry "GER"]
[BlackTeamCountry "GER"]

1. d4 Nf6 2. c4 e6 3. Nc3 d5 4. Bg5 Be7 5. Nf3 h6 6. Bxf6 Bxf6 7. e4 dxe4 8.
Nxe4 Nc6 9. Nxf6+ Qxf6 10. Qd2 O-O 11. O-O-O Rd8 12. Qe3 b6 13. Be2 Bb7 14. Ne5
Nxe5 15. dxe5 Qg6 16. Bf3 Bxf3 17. gxf3 Rab8 18. Rhg1 Qf5 19. f4 a6 20. b3 c5
21. Rd6 b5 22. Rgd1 Rdc8 23. cxb5 axb5 24. f3 Ra8 25. R1d2 c4 26. b4 c3 27. Rc2
Rc4 28. Rd4 Qh3 29. Rf2 Rac8 30. Qd3 Qh4 31. Re2 Rxd4 32. Qxd4 Rc4 33. Qe3 Rxb4
34. Rc2 Rxf4 35. Qxc3 Rf5 36. Qe3 Qh3 37. Rf2 Rg5 38. Kb2 g6 39. Kb3 Kg7 40.
Kb4 Qf5 41. f4 Rg1 42. Ka5 Qb1 43. Kb6 b4 44. f5 gxf5 45. Qd4 b3 46. a4 Rg4 47.
Qd8 Qg1 0-1

[Event "Bundesliga 9596"]
[Site "Deutschland"]
[Date "1995.??.??"]
[Round "?.5"]
[White "Tischbierek, Raj"]
[Black "Reich, Thomas"]
[Result "1-0"]
[WhiteElo "2495"]
[BlackElo "2400"]
[PlyCount "75"]
[EventDate "1995.10.??"]
[EventType "team"]
[EventRounds "15"]
[EventCountry "GER"]
[SourceTitle "Bundesliga 9596"]
[Source "DeepChess"]
[SourceDate "2005.01.01"]
[SourceVersion "1"]
[SourceVersionDate "2005.01.01"]
[SourceQuality "1"]
[WhiteTeam "SV Empor Berlin e.V."]
[BlackTeam "Muenchener SC 1836 e.V."]
[WhiteTeamCountry "GER"]
[BlackTeamCountry "GER"]

1. e4 c5 2. Nf3 d6 3. d4 cxd4 4. Nxd4 Nf6 5. Nc3 g6 6. Be3 Bg7 7. f3 O-O 8. Qd2
Nc6 9. O-O-O a6 10. g4 Nxd4 11. Bxd4 b5 12. g5 Nh5 13. Bxg7 Kxg7 14. Ne2 e5 15.
Ng3 Nf4 16. h4 Be6 17. Qxd6 Qxd6 18. Rxd6 Rfd8 19. Rxd8 Rxd8 20. Rh2 h6 21.
gxh6+ Kxh6 22. Rd2 Rxd2 23. Kxd2 Nh5 24. Nxh5 Kxh5 25. a4 Bd7 26. axb5 axb5 27.
c4 b4 28. c5 Kxh4 29. Bc4 f5 30. exf5 gxf5 31. Bd5 Bc8 32. Ba8 Kg3 33. Ke3 Ba6
34. Bc6 Bc8 35. Bd5 Ba6 36. Be6 Bb7 37. Bxf5 Bxf3 38. Bd7 1-0

[Event "Bundesliga 9596"]
[Site "Deutschland"]
[Date "1995.??.??"]
[Round "?.6"]
[White "Lentrodt, Thomas"]
[Black "Volke, Karsten"]
[Result "0-1"]
[WhiteElo "2265"]
[BlackElo "2450"]
[PlyCount "72"]
[EventDate "1995.10.??"]
[EventType "team"]
[EventRounds "15"]
[EventCountry "GER"]
[SourceTitle "Bundesliga 9596"]
[Source "DeepChess"]
[SourceDate "2005.01.01"]
[SourceVersion "1"]
[SourceVersionDate "2005.01.01"]
[SourceQuality "1"]
[WhiteTeam "Muenchener SC 1836 e.V."]
[BlackTeam "SV Empor Berlin e.V."]
[WhiteTeamCountry "GER"]
[BlackTeamCountry "GER"]

1. c4 Nf6 2. Nc3 g6 3. d4 Bg7 4. e4 d6 5. Nf3 O-O 6. Be2 e5 7. O-O Nc6 8. d5
Ne7 9. Ne1 Nd7 10. Nd3 f5 11. f3 Kh8 12. Bd2 Ng8 13. b4 Ndf6 14. c5 Bh6 15. a4
Bxd2 16. Qxd2 Qe7 17. cxd6 cxd6 18. a5 f4 19. Rfc1 Bd7 20. Nb2 g5 21. Bb5 g4
22. Bxd7 Qxd7 23. Qe2 Nh6 24. Nb5 gxf3 25. gxf3 Nh5 26. Kh1 Rg8 27. Rg1 a6 28.
Na3 Qh3 29. Nac4 Ng3+ 30. Rxg3 fxg3 31. Qg2 Qxg2+ 32. Kxg2 gxh2+ 33. Kxh2 Raf8
34. Nd2 Rf4 35. Kh3 Nf7 36. Rf1 Rf6 0-1

[Event "Bundesliga 9596"]
[Site "Deutschland"]
[Date "1995.??.??"]
[Round "?.8"]
[White "Deglmann, Ludwig"]
[Black "Poldauf, Dirk"]
[Result "0-1"]
[WhiteElo "2230"]
[BlackElo "2415"]
[PlyCount "88"]
[EventDate "1995.10.??"]
[EventType "team"]
[EventRounds "15"]
[EventCountry "GER"]
[SourceTitle "Bundesliga 9596"]
[Source "DeepChess"]
[SourceDate "2005.01.01"]
[SourceVersion "1"]
[SourceVersionDate "2005.01.01"]
[SourceQuality "1"]
[WhiteTeam "Muenchener SC 1836 e.V."]
[BlackTeam "SV Empor Berlin e.V."]
[WhiteTeamCountry "GER"]
[BlackTeamCountry "GER"]

1. e4 e6 2. d4 d5 3. exd5 exd5 4. c4 Nf6 5. Nc3 Be7 6. cxd5 Nxd5 7. Bc4 Nb6 8.
Bb3 O-O 9. Nf3 Bg4 10. Be3 Nc6 11. O-O Bf6 12. h3 Bh5 13. Rc1 Rb8 14. g4 Bg6
15. a3 Qd7 16. Na4 Nd5 17. Nc5 Qd6 18. Qd2 b6 19. Na4 Be4 20. Bd1 Rfe8 21. Nc3
Nxc3 22. Qxc3 Rbc8 23. g5 Bxf3 24. gxf6 Bd5 25. Bb3 Bxb3 26. Qxc6 Qxc6 27. Rxc6
Bd5 28. Rc3 Re6 29. Bg5 h6 30. Bf4 Rxf6 31. Bg3 c6 32. Re1 Re6 33. Rce3 Kh7 34.
f4 Kg6 35. Kf2 Rd8 36. Re5 Rxe5 37. Rxe5 Be6 38. Ke3 Bxh3 39. Re7 a5 40. Rc7
Re8+ 41. Kf2 Re6 42. a4 Bg4 43. Kf1 Be2+ 44. Kf2 Bh5 0-1

[Event "Bundesliga 9596"]
[Site "Deutschland"]
[Date "1996.??.??"]
[Round "?.1"]
[White "Hertneck, Gerald"]
[Black "Horvath, Tamas"]
[Result "1/2-1/2"]
[WhiteElo "2575"]
[BlackElo "2410"]
[PlyCount "75"]
[EventDate "1995.10.??"]
[EventType "team"]
[EventRounds "15"]
[EventCountry "GER"]
[SourceTitle "Bundesliga 9596"]
[Source "DeepChess"]
[SourceDate "2005.01.01"]
[SourceVersion "1"]
[SourceVersionDate "2005.01.01"]
[SourceQuality "1"]
[WhiteTeam "Muenchener SC 1836 e.V."]
[BlackTeam "SV Tuebingen 1870 e.V."]
[WhiteTeamCountry "GER"]
[BlackTeamCountry "GER"]

1. d4 Nf6 2. c4 e6 3. Nf3 b6 4. g3 Ba6 5. Nbd2 c5 6. Bg2 Bb7 7. e3 d6 8. b3 g6
9. Bb2 Bg7 10. O-O O-O 11. Qe2 Qc7 12. e4 cxd4 13. Nxd4 a6 14. Rfc1 Nbd7 15. a4
Rac8 16. b4 Qb8 17. N4b3 Rfe8 18. Bd4 d5 19. e5 Ne4 20. f4 Nxd2 21. Nxd2 dxc4
22. Nxc4 Bf8 23. Rab1 Bxg2 24. Kxg2 b5 25. axb5 Qxb5 26. Kf2 Bxb4 27. Nd6 Qxe2+
28. Kxe2 Rxc1 29. Rxc1 Bxd6 30. exd6 e5 31. fxe5 Nxe5 32. Kf1 Nd7 33. Rc7 Rd8
34. Ra7 f6 35. Bc3 Ne5 36. Rxa6 Kf7 37. Bxe5 fxe5 38. Ra7+ 1/2-1/2

[Event "Bundesliga 9596"]
[Site "Deutschland"]
[Date "1996.??.??"]
[Round "?.2"]
[White "Palkovi, Jozsef"]
[Black "Atlas, Valeri"]
[Result "1/2-1/2"]
[WhiteElo "2480"]
[BlackElo "2440"]
[PlyCount "121"]
[EventDate "1995.10.??"]
[EventType "team"]
[EventRounds "15"]
[EventCountry "GER"]
[SourceTitle "Bundesliga 9596"]
[Source "DeepChess"]
[SourceDate "2005.01.01"]
[SourceVersion "1"]
[SourceVersionDate "2005.01.01"]
[SourceQuality "1"]
[WhiteTeam "SV Tuebingen 1870 e.V."]
[BlackTeam "Muenchener SC 1836 e.V."]
[WhiteTeamCountry "GER"]
[BlackTeamCountry "GER"]

1. e4 c5 2. c3 Nf6 3. e5 Nd5 4. Nf3 d6 5. d4 cxd4 6. cxd4 Nc6 7. Bc4 Nb6 8. Bb3
dxe5 9. d5 Na5 10. Nc3 Nxb3 11. Qxb3 e6 12. Nxe5 exd5 13. Qb5+ Bd7 14. Nxd7
Qxd7 15. O-O Qxb5 16. Nxb5 Kd7 17. Be3 Be7 18. Rfd1 Bf6 19. Rac1 Rhc8 20. Rxc8
Kxc8 21. b3 Kd7 22. a4 d4 23. Nxd4 Bxd4 24. Bxd4 Ke6 25. Bxg7 f6 26. Re1+ Kf7
27. Bh6 Nd5 28. Rc1 Re8 29. Kf1 Re4 30. Bd2 Re7 31. Rc4 a6 32. f3 Rd7 33. Ke2
Ke6 34. Re4+ Kf7 35. g4 b5 36. f4 bxa4 37. Rxa4 Rb7 38. b4 Rb6 39. Kd1 Ke6 40.
f5+ Kd6 41. Kc2 Rc6+ 42. Kd3 Nc7 43. Bf4+ Kd7 44. Bxc7 Kxc7 45. Ra5 Kd7 46.
Rd5+ Ke7 47. Rc5 Rb6 48. Kc4 Kd7 49. Rd5+ Ke7 50. Rd3 Rc6+ 51. Kb3 Rc1 52. Rh3
Rb1+ 53. Ka3 Kd6 54. Rxh7 Ke5 55. h4 Rh1 56. h5 Kf4 57. Rc7 Ke5 58. Rc6 Ra1+
59. Kb2 Rh1 60. h6 Rh2+ 61. Kc3 1/2-1/2

[Event "Bundesliga 9596"]
[Site "Deutschland"]
[Date "1996.??.??"]
[Round "?.3"]
[White "Pezerovic, Edin"]
[Black "Kraut, Rainer"]
[Result "1/2-1/2"]
[WhiteElo "2405"]
[BlackElo "2445"]
[PlyCount "26"]
[EventDate "1995.10.??"]
[EventType "team"]
[EventRounds "15"]
[EventCountry "GER"]
[SourceTitle "Bundesliga 9596"]
[Source "DeepChess"]
[SourceDate "2005.01.01"]
[SourceVersion "1"]
[SourceVersionDate "2005.01.01"]
[SourceQuality "1"]
[WhiteTeam "Muenchener SC 1836 e.V."]
[BlackTeam "SV Tuebingen 1870 e.V."]
[WhiteTeamCountry "GER"]
[BlackTeamCountry "GER"]

1. Nf3 d5 2. d4 Nf6 3. c3 c6 4. Bf4 Bf5 5. e3 e6 6. Bd3 Bxd3 7. Qxd3 Bd6 8.
Nbd2 O-O 9. O-O Qc7 10. Bxd6 Qxd6 11. Ne5 Nfd7 12. f4 f6 13. Nxd7 Nxd7 1/2-1/2

[Event "Bundesliga 9596"]
[Site "Deutschland"]
[Date "1996.??.??"]
[Round "?.4"]
[White "Zeller, Frank"]
[Black "Sandor, Christian"]
[Result "1/2-1/2"]
[WhiteElo "2400"]
[BlackElo "2380"]
[PlyCount "64"]
[EventDate "1995.10.??"]
[EventType "team"]
[EventRounds "15"]
[EventCountry "GER"]
[SourceTitle "Bundesliga 9596"]
[Source "DeepChess"]
[SourceDate "2005.01.01"]
[SourceVersion "1"]
[SourceVersionDate "2005.01.01"]
[SourceQuality "1"]
[WhiteTeam "SV Tuebingen 1870 e.V."]
[BlackTeam "Muenchener SC 1836 e.V."]
[WhiteTeamCountry "GER"]
[BlackTeamCountry "GER"]

1. d4 d5 2. Nf3 c5 3. c4 dxc4 4. d5 e6 5. Nc3 exd5 6. Qxd5 Qxd5 7. Nxd5 Na6 8.
e4 Ne7 9. Nxe7 Bxe7 10. Bxc4 Nc7 11. Bf4 Be6 12. Be2 O-O-O 13. O-O Bg4 14. Rfc1
Ne6 15. Bg3 Bd6 16. b4 Bxg3 17. hxg3 Kb8 18. bxc5 Rc8 19. c6 Rxc6 20. Rxc6 bxc6
21. Bc4 Bxf3 22. gxf3 Rd8 23. Kg2 Kc7 24. Rh1 h6 25. Rh5 Ng5 26. Rh4 Rd4 27.
Bb3 a5 28. Rf4 f6 29. Rf5 a4 30. Bg8 Rd8 31. Bc4 Rd4 32. Bg8 Rd8 1/2-1/2